[Event "16th IBM tournament"]
[Site "Amsterdam NED"]
[Date "1976.??.??"]
[Round "7"]
[White "Gipslis, Aivars"]
[Black "Ree, Hans"]
[WhiteElo "2535"]
[BlackElo "2420"]
[Result "1/2-1/2"]
[EventDate "1976.07.??"]
[PlyCount "80"]

1.e4 e5 2.Nf3 Nc6 3.Bb5 g6 4.c3 d6 5.d4 Bd7 6.O-O Bg7 7.dxe5 dxe5 8.Be3 
Nge7 9.Bc5 b6 10.Ba3 Na5 11.Bxd7+ Qxd7 12.Nbd2 Rd8 13.Bxe7 Qxe7 14.b4 Nc6 
15.Qb3 O-O 16.Rfd1 Bh6 17.Nc4 b5 18.Nb2 Kh8 19.Rd5 f5 20.Re1 fxe4 21.Rxe4 
Rf4 22.Rxd8+ Qxd8 23.Rxf4 Bxf4 24.Qe6 Qd6 25.Qf7 Qe7 26.Qd5 e4 27.Qxc6 
exf3 28.Nd3 Qe2 29.Qf6+ Kg8 30.Qd8+ Kg7 31.Qd4+ Kg8 32.gxf3 Bd6 33.Qd5+ 
Kg7 34.Kg2 a6 35.h3 Kh6 36.a3 Qd2 37.Qd4 Qg5+ 38.Kf1 Qf5 39.Qe3+ Kg7 40.
Kg2 Kf7 1/2-1/2

[Event "16th IBM tournament"]
[Site "Amsterdam NED"]
[Date "1976.??.??"]
[Round "7"]
[White "Ivkov, Borislav"]
[Black "Miles, Anthony John"]
[WhiteElo "2520"]
[BlackElo "2510"]
[Result "1/2-1/2"]
[EventDate "1976.07.??"]
[PlyCount "109"]

1.Nf3 Nf6 2.c4 c5 3.Nc3 d5 4.cxd5 Nxd5 5.g3 Nc6 6.Bg2 g6 7.d3 Bg7 8.Bd2 
O-O 9.Qc1 Nxc3 10.bxc3 c4 11.d4 e5 12.dxe5 Nxe5 13.Nd4 Re8 14.O-O a6 15.
Rb1 Rb8 16.Bf4 Qc7 17.Qb2 b5 18.a4 Bd7 19.axb5 axb5 20.Rfd1 Qc5 21.Rd2 
Rec8 22.Qb4 Qc7 23.Rbd1 Be8 24.Nf3 Nxf3+ 25.Bxf3 Be5 26.Bxe5 Qxe5 27.Bg4 
Rc7 28.e3 Ra7 29.Bd7 Ra4 30.Qd6 Qxd6 31.Rxd6 Bxd7 32.Rxd7 Ra3 33.Rd8+ Rxd8
34.Rxd8+ Kg7 35.Rb8 Rxc3 36.Rxb5 Kf6 37.Kf1 Ke6 38.Rb7 Rc2 39.Ke1 c3 40.
Rc7 h5 41.h4 f6 42.e4 Ke5 43.Rc4 g5 44.f3 gxh4 45.f4+ Ke6 46.gxh4 f5 47.
exf5+ Kxf5 48.Rc5+ Kg4 49.f5 Kf3 50.Kd1 Rd2+ 51.Kc1 Kg4 52.Rc4+ Kxf5 53.
Rc5+ Kg6 54.Rc6+ Kf7 55.Rc5 1/2-1/2

[Event "16th IBM tournament"]
[Site "Amsterdam NED"]
[Date "1976.??.??"]
[Round "7"]
[White "Kurajica, Bojan"]
[Black "Sigurjonsson, Gudmundur"]
[WhiteElo "2525"]
[BlackElo "2530"]
[Result "1/2-1/2"]
[EventDate "1976.07.??"]
[PlyCount "50"]

1.e4 c5 2.Nf3 d6 3.Nc3 a6 4.d3 Nc6 5.g3 Bg4 6.h3 Bxf3 7.Qxf3 g6 8.Bg2 Bg7 
9.O-O Nf6 10.Qd1 O-O 11.f4 Rb8 12.g4 Nd7 13.Nd5 e6 14.Ne3 b5 15.a3 a5 16.
g5 Rc8 17.h4 f5 18.h5 Nb6 19.c3 a4 20.Qf3 Qd7 21.hxg6 hxg6 22.Bd2 Rfd8 23.
exf5 gxf5 24.Rae1 d5 25.Nc2 b4 1/2-1/2

[Event "16th IBM tournament"]
[Site "Amsterdam NED"]
[Date "1976.??.??"]
[Round "7"]
[White "Langeweg, Christian"]
[Black "Korchnoi, Viktor"]
[WhiteElo "2450"]
[BlackElo "2670"]
[Result "0-1"]
[EventDate "1976.07.??"]
[PlyCount "56"]

1.Nf3 Nf6 2.c4 e6 3.Nc3 Bb4 4.Qc2 O-O 5.a3 Bxc3 6.Qxc3 b6 7.g3 Bb7 8.Bg2 
d5 9.d4 dxc4 10.Qxc4 Bd5 11.Qc3 Nbd7 12.b4 a5 13.b5 c6 14.bxc6 Rc8 15.O-O 
Rxc6 16.Qe3 Qa8 17.Bd2 b5 18.Rfb1 Rb8 19.Ne1 Bxg2 20.Nxg2 Ne4 21.Qd3 Rd6 
22.Be3 Ne5 23.Qc2 Rc8 24.Qb3 Nc4 25.Rc1 Rdc6 26.Qxb5 Nxa3 27.Qa4 Nc2 28.
Rab1 Rc4 0-1

[Event "16th IBM tournament"]
[Site "Amsterdam NED"]
[Date "1976.??.??"]
[Round "7"]
[White "Sax, Gyula"]
[Black "Ligterink, Gert"]
[WhiteElo "2530"]
[BlackElo "2400"]
[Result "1/2-1/2"]
[EventDate "1976.07.??"]
[PlyCount "70"]

1.e4 c5 2.Nf3 e6 3.d3 Nc6 4.g3 d5 5.Nbd2 Bd6 6.Bg2 Nge7 7.O-O O-O 8.Nh4 b6
9.f4 f6 10.Re1 Bc7 11.c3 a5 12.exd5 exd5 13.Nf1 Qd7 14.Ne3 Bb7 15.Qh5 Rad8
16.Nhf5 Nxf5 17.Qxf5 Qxf5 18.Nxf5 Bc8 19.Nh4 Kf7 20.Be3 Rfe8 21.Kf2 g5 22.
Nf3 d4 23.Bd2 dxc3 24.Rxe8 Rxe8 25.bxc3 gxf4 26.Bxf4 Bxf4 27.gxf4 Rd8 28.
Rb1 Ne7 29.d4 Nd5 30.dxc5 bxc5 31.Rb5 Nxc3 32.Rxa5 Be6 33.Bf1 Nd1+ 34.Ke1 
Ne3 35.Rxc5 Nxf1 1/2-1/2

[Event "16th IBM tournament"]
[Site "Amsterdam NED"]
[Date "1976.??.??"]
[Round "7"]
[White "Velimirovic, Dragoljub"]
[Black "Boehm, Hans"]
[WhiteElo "2525"]
[BlackElo "2425"]
[Result "1-0"]
[EventDate "1976.07.??"]
[PlyCount "91"]

1.e4 c6 2.d4 d5 3.exd5 cxd5 4.c4 Nf6 5.Nc3 e6 6.Nf3 Be7 7.cxd5 Nxd5 8.Bd3 
Nc6 9.O-O O-O 10.Re1 Nf6 11.a3 b6 12.Bc2 Bb7 13.Qd3 g6 14.Bh6 Re8 15.Rad1 
Bf8 16.Bg5 Be7 17.Bb3 Nd5 18.Bxd5 Bxg5 19.Bxc6 Bxc6 20.d5 exd5 21.Rxe8+ 
Bxe8 22.Nxg5 Qxg5 23.Qd4 Bc6 24.h4 Qe7 25.Nxd5 Bxd5 26.Qxd5 Re8 27.h5 Qe5 
28.Qd7 Re7 29.Qd8+ Re8 30.h6 Kf8 31.Qd7 a5 32.g3 g5 33.Qd3 Kg8 34.Qd6 Qe2 
35.Rd2 Qe1+ 36.Kh2 Qe6 37.Qxe6 fxe6 38.Rd7 Rc8 39.Rg7+ Kf8 40.Rxh7 Rc2 41.
Rb7 Kg8 42.Kh3 Rxb2 43.Kg4 Rxf2 44.Kxg5 Rf8 45.g4 e5 46.Kh5 1-0

[Event "16th IBM tournament"]
[Site "Amsterdam NED"]
[Date "1976.??.??"]
[Round "8"]
[White "Boehm, Hans"]
[Black "Sax, Gyula"]
[WhiteElo "2425"]
[BlackElo "2530"]
[Result "1-0"]
[EventDate "1976.07.??"]
[PlyCount "113"]

1.d4 Nf6 2.c3 g6 3.Bg5 Bg7 4.Nd2 d6 5.e3 O-O 6.Bd3 Nbd7 7.Ne2 e5 8.Qc2 d5 
9.f3 c5 10.b3 Qb6 11.Rc1 Nh5 12.g4 Nhf6 13.h3 h6 14.Bh4 Nh7 15.Bf2 Ng5 16.
f4 cxd4 17.cxd4 exd4 18.exd4 Ne6 19.Nf3 Nxf4 20.Nxf4 Qf6 21.Bg3 g5 22.Bh7+
Kh8 23.Bf5 gxf4 24.Bxf4 Re8+ 25.Kf2 Nf8 26.Be5 Qb6 27.Qc5 Be6 28.Qxb6 axb6
29.a4 Rac8 30.Rhe1 Bxe5 31.Nxe5 Kg7 32.Kf3 Bxf5 33.gxf5 Nh7 34.Kf4 Nf6 35.
Rg1+ Kf8 36.Rxc8 Rxc8 37.Ng4 Nxg4 38.hxg4 Re8 39.f6 Re4+ 40.Kf5 Ke8 41.Rh1
Rxd4 42.Rxh6 Rd3 43.Ke5 Re3+ 44.Kd6 Re6+ 45.Kxd5 Kd7 46.g5 Rd6+ 47.Ke5 Rd1
48.Rh7 Re1+ 49.Kd5 Rd1+ 50.Kc4 Ke6 51.b4 b5+ 52.Kxb5 Rd5+ 53.Kb6 Rxg5 54.
b5 Rg4 55.a5 Ra4 56.Rh6 Kf5 57.Rh8 1-0

[Event "16th IBM tournament"]
[Site "Amsterdam NED"]
[Date "1976.??.??"]
[Round "8"]
[White "Farago, Ivan"]
[Black "Gipslis, Aivars"]
[WhiteElo "2420"]
[BlackElo "2535"]
[Result "1/2-1/2"]
[EventDate "1976.07.??"]
[PlyCount "42"]

1.d4 Nf6 2.c4 e6 3.Nc3 Bb4 4.e3 b6 5.Ne2 Bb7 6.a3 Be7 7.d5 O-O 8.Ng3 Re8 
9.Be2 exd5 10.cxd5 c5 11.O-O d6 12.e4 Bf8 13.f4 Na6 14.b3 Nc7 15.Qc2 a6 
16.Bb2 b5 17.Bf3 b4 18.Nb1 Nb5 19.a4 Nd4 20.Qd3 a5 21.Nd2 Ba6 1/2-1/2

[Event "16th IBM tournament"]
[Site "Amsterdam NED"]
[Date "1976.??.??"]
[Round "8"]
[White "Korchnoi, Viktor"]
[Black "Szabo, Laszlo"]
[WhiteElo "2670"]
[BlackElo "2525"]
[Result "1/2-1/2"]
[EventDate "1976.07.??"]
[PlyCount "63"]

1.d4 Nf6 2.c4 e6 3.Nc3 Bb4 4.Qc2 c5 5.dxc5 O-O 6.Bf4 Na6 7.Bd6 Re8 8.a3 
Qa5 9.Rb1 Bxc3+ 10.bxc3 Nxc5 11.Rb5 Qa4 12.Qxa4 Nxa4 13.f3 b6 14.e4 Bb7 
15.e5 Nh5 16.Rb4 Bc6 17.Ne2 Nc5 18.Nd4 Nf4 19.Kd2 Rac8 20.Ke3 Ng6 21.Be2 
Nb7 22.a4 Nxd6 23.exd6 Nh4 24.Kf2 Nf5 25.Rd1 Nxd6 26.Nb5 Bxb5 27.axb5 Nb7 
28.Rxd7 Nc5 29.Rxa7 Ra8 30.Rxa8 Rxa8 31.Rb2 Kf8 32.Ke3 1/2-1/2

[Event "16th IBM tournament"]
[Site "Amsterdam NED"]
[Date "1976.??.??"]
[Round "8"]
[White "Langeweg, Christian"]
[Black "Kurajica, Bojan"]
[WhiteElo "2450"]
[BlackElo "2525"]
[Result "1/2-1/2"]
[EventDate "1976.07.??"]
[PlyCount "68"]

1.Nf3 d5 2.c4 e6 3.d4 Nf6 4.Nc3 Be7 5.Bg5 O-O 6.e3 h6 7.Bh4 b6 8.Rc1 Bb7 
9.Be2 Nbd7 10.O-O c6 11.Bd3 c5 12.cxd5 Nxd5 13.Bg3 N7f6 14.Qe2 Nxc3 15.
Rxc3 Qd5 16.dxc5 Bxc5 17.Ba6 Rad8 18.Rfc1 Ne4 19.R3c2 Bxa6 20.Qxa6 f5 21.
a3 Rf7 22.b4 Bd6 23.Rc8 Rxc8 24.Qxc8+ Kh7 25.Bxd6 Qxd6 26.h3 e5 27.Qa8 Nd2
28.Rc8 Nxf3+ 29.gxf3 Qe7 30.Rh8+ Kg6 31.Qb8 Qc7 32.Qe8 Qe7 33.Qb5 Qd6 34.
Rc8 Qd7 1/2-1/2

[Event "16th IBM tournament"]
[Site "Amsterdam NED"]
[Date "1976.??.??"]
[Round "8"]
[White "Ligterink, Gert"]
[Black "Donner, Jan"]
[WhiteElo "2400"]
[BlackElo "2475"]
[Result "0-1"]
[EventDate "1976.07.??"]
[PlyCount "52"]

1.e4 e6 2.d4 d5 3.Nd2 c5 4.Ngf3 Nc6 5.Bb5 cxd4 6.Nxd4 Bd7 7.Nxc6 Bxc6 8.
Bxc6+ bxc6 9.c4 Bc5 10.cxd5 cxd5 11.exd5 exd5 12.O-O Ne7 13.Nb3 Bb6 14.Re1
O-O 15.Bg5 f6 16.Be3 Qd7 17.Bc5 Bxc5 18.Nxc5 Qd6 19.Ne6 Rfe8 20.Qg4 Ng6 
21.Nd4 Qb4 22.Rxe8+ Rxe8 23.Qd1 Qxb2 24.Nc6 Qb5 25.Rc1 Nf4 26.Nd4 Qb2 0-1

[Event "16th IBM tournament"]
[Site "Amsterdam NED"]
[Date "1976.??.??"]
[Round "8"]
[White "Miles, Anthony John"]
[Black "Velimirovic, Dragoljub"]
[WhiteElo "2510"]
[BlackElo "2525"]
[Result "1-0"]
[EventDate "1976.07.??"]
[PlyCount "83"]

1.Nf3 Nf6 2.c4 c5 3.d4 cxd4 4.Nxd4 e6 5.Nc3 Bb4 6.g3 O-O 7.Bg2 Bxc3+ 8.
bxc3 Qa5 9.Qb3 Nc6 10.O-O Re8 11.Nb5 d5 12.Qa3 Bd7 13.Qxa5 Nxa5 14.Nc7 
Nxc4 15.Bg5 Rac8 16.Nxe8 Nxe8 17.e4 h6 18.Bc1 Nf6 19.exd5 Nxd5 20.Bxd5 
exd5 21.Re1 Be6 22.Be3 b6 23.f3 Ne5 24.Rec1 Nxf3+ 25.Kg2 Ne5 26.Bd4 Nc6 
27.Kf3 Bf5 28.g4 Bg6 29.Kf4 Na5 30.Re1 Be4 31.h4 Rc4 32.Rad1 Ra4 33.Rd2 
Nc4 34.Rf2 Nd6 35.Ke5 Nb5 36.g5 h5 37.Ref1 Bd3 38.Rg1 Bc4 39.g6 f6+ 40.Ke6
Nxc3 41.Bxc3 d4+ 42.Ke7 1-0

[Event "16th IBM tournament"]
[Site "Amsterdam NED"]
[Date "1976.??.??"]
[Round "8"]
[White "Sigurjonsson, Gudmundur"]
[Black "Olafsson, Fridrik"]
[WhiteElo "2530"]
[BlackElo "2550"]
[Result "1/2-1/2"]
[EventDate "1976.07.??"]
[PlyCount "38"]

1.e4 e5 2.Nf3 Nc6 3.Bb5 a6 4.Ba4 Nf6 5.O-O Be7 6.Re1 b5 7.Bb3 d6 8.c3 O-O 
9.h3 Na5 10.Bc2 c5 11.d4 Qc7 12.Nbd2 Be6 13.Nf1 Nc4 14.Ne3 Nxe3 15.Bxe3 
Rfc8 16.dxe5 dxe5 17.Nh4 Ne8 18.Nf5 Bf8 19.Qf3 f6 1/2-1/2

[Event "16th IBM tournament"]
[Site "Amsterdam NED"]
[Date "1976.??.??"]
[Round "9"]
[White "Donner, Jan"]
[Black "Boehm, Hans"]
[WhiteElo "2475"]
[BlackElo "2425"]
[Result "0-1"]
[EventDate "1976.07.??"]
[PlyCount "89"]

1.d4 Nf6 2.c4 e6 3.Nc3 Bb4 4.e3 b6 5.Ne2 Ne4 6.Qc2 Bb7 7.a3 Bxc3+ 8.Nxc3 
f5 9.b3 d6 10.Ne2 Nd7 11.f3 Nef6 12.Nf4 Qe7 13.d5 exd5 14.Qxf5 Nc5 15.Rb1 
O-O 16.Qc2 Ng4 17.Qe2 Rae8 18.Nxd5 Bxd5 19.cxd5 Nxe3 20.Bxe3 Qxe3 21.Qxe3 
Rxe3+ 22.Kf2 Rxb3 23.Rxb3 Nxb3 24.Bb5 Nc5 25.h4 a6 26.Bc6 b5 27.Kg3 Rf5 
28.f4 Rf8 29.Rd1 h6 30.Kf3 g5 31.hxg5 hxg5 32.g3 gxf4 33.gxf4 Rb8 34.Rb1 
Kf7 35.Ke3 Rh8 36.Rf1 Kf6 37.Rf2 Rh1 38.Rf3 Kf5 39.Kd2 Ke4 40.Re3+ Kxf4 
41.Re7 Ra1 42.Rxc7 Ke4 43.Rc8 Kd4 44.Ra8 Ra2+ 45.Ke1 0-1

[Event "16th IBM tournament"]
[Site "Amsterdam NED"]
[Date "1976.??.??"]
[Round "9"]
[White "Gipslis, Aivars"]
[Black "Sigurjonsson, Gudmundur"]
[WhiteElo "2535"]
[BlackElo "2530"]
[Result "1/2-1/2"]
[EventDate "1976.07.??"]
[PlyCount "63"]

1.e4 c5 2.Nf3 d6 3.d4 cxd4 4.Nxd4 Nf6 5.Nc3 a6 6.Be3 e6 7.f4 b5 8.e5 dxe5 
9.fxe5 Nd5 10.Nxd5 Qxd5 11.Be2 Qxe5 12.Qd2 Bb7 13.Bf4 Qc5 14.O-O-O Be7 15.
Nb3 Qc8 16.Bd6 Qd8 17.Qb4 Bxd6 18.Rxd6 Qg5+ 19.Rd2 Qe7 20.Nc5 O-O 21.Rhd1 
Bxg2 22.Nxa6 Qxb4 23.Nxb4 Nc6 24.Bxb5 Nxb4 25.Rxg2 Rxa2 26.Rd7 Ra1+ 27.Kd2
Rb1 28.b3 g6 29.Rf2 Nd5 30.Bc6 Nb6 31.Rc7 Nc8 32.Kc3 1/2-1/2

[Event "16th IBM tournament"]
[Site "Amsterdam NED"]
[Date "1976.??.??"]
[Round "9"]
[White "Ivkov, Borislav"]
[Black "Farago, Ivan"]
[WhiteElo "2520"]
[BlackElo "2420"]
[Result "1/2-1/2"]
[EventDate "1976.07.??"]
[PlyCount "29"]

1.d4 e6 2.c4 Nf6 3.Nc3 Bb4 4.e3 O-O 5.Bd3 d5 6.Nf3 c5 7.O-O dxc4 8.Bxc4 
Nbd7 9.Qe2 b6 10.Rd1 cxd4 11.exd4 Bb7 12.Bd2 Rc8 13.Ba6 Bxa6 14.Qxa6 Bxc3 
15.Bxc3 1/2-1/2

[Event "16th IBM tournament"]
[Site "Amsterdam NED"]
[Date "1976.??.??"]
[Round "9"]
[White "Szabo, Laszlo"]
[Black "Ligterink, Gert"]
[WhiteElo "2525"]
[BlackElo "2400"]
[Result "0-1"]
[EventDate "1976.07.??"]
[PlyCount "76"]

1.Nf3 Nf6 2.c4 g6 3.b4 Bg7 4.Bb2 O-O 5.g3 c6 6.Bg2 a5 7.b5 cxb5 8.cxb5 Qb6
9.a4 Ne4 10.d4 d5 11.O-O Nc6 12.Nbd2 Nb4 13.Ne5 Bf5 14.Nxe4 dxe4 15.Nc4 
Qe6 16.Ne3 Rad8 17.Qd2 Bh6 18.Bc3 Nd5 19.Bxa5 Nxe3 20.fxe3 Qb3 21.Bc3 Rc8 
22.Rfc1 Rc4 23.Rab1 Qxa4 24.Kf2 Rfc8 25.Qb2 Qa7 26.b6 Qa4 27.g4 Bxg4 28.
Bxe4 Qd7 29.Bd2 Bf5 30.Rxc4 Rxc4 31.Bf3 Rc2 32.Qb5 Qd6 33.Rh1 Rxd2 34.Bxb7
Bxe3+ 35.Kxe3 Qxd4+ 36.Kf3 Bg4+ 37.Kg3 Qe3+ 38.Bf3 Bxf3 0-1

[Event "16th IBM tournament"]
[Site "Amsterdam NED"]
[Date "1976.??.??"]
[Round "9"]
[White "Velimirovic, Dragoljub"]
[Black "Ree, Hans"]
[WhiteElo "2525"]
[BlackElo "2420"]
[Result "1-0"]
[EventDate "1976.07.??"]
[PlyCount "65"]

1.e4 e5 2.Nf3 Nc6 3.d4 exd4 4.c3 Nf6 5.e5 Ne4 6.Qe2 f5 7.exf6 d5 8.Nbd2 
Qxf6 9.Nxe4 dxe4 10.Qxe4+ Qe6 11.Bd3 dxc3 12.O-O Qxe4 13.Bxe4 Bd7 14.Bxc6 
Bxc6 15.Re1+ Kf7 16.Ne5+ Kf6 17.Nxc6 bxc6 18.bxc3 Bc5 19.Bg5+ Kf7 20.Re5 
Bd6 21.Rf5+ Kg6 22.Ra5 Rhb8 23.Be3 a6 24.c4 h6 25.h4 Bb4 26.h5+ Kf7 27.
Rf5+ Ke6 28.Rf4 Bc3 29.Rc1 Be5 30.Re4 Kf5 31.f3 Rb2 32.g4+ Kf6 33.f4 1-0

[Event "16th IBM tournament"]
[Site "Amsterdam NED"]
[Date "1976.??.??"]
[Round "10"]
[White "Boehm, Hans"]
[Black "Szabo, Laszlo"]
[WhiteElo "2425"]
[BlackElo "2525"]
[Result "0-1"]
[EventDate "1976.07.??"]
[PlyCount "80"]

1.e4 e5 2.Bc4 Nf6 3.d3 Bc5 4.Nf3 Nc6 5.Be3 Bb6 6.Nc3 d6 7.Qd2 Bg4 8.Ng5 
Bh5 9.f3 Bxe3 10.Qxe3 h6 11.Nh3 Nd4 12.Bb3 c6 13.O-O Qb6 14.Kh1 Nxb3 15.
Qxb6 axb6 16.axb3 Ke7 17.Kg1 g5 18.g4 Bg6 19.Nf2 Nd7 20.Ra3 b5 21.b4 Rxa3 
22.bxa3 Ra8 23.Ra1 Nf8 24.Ne2 Ne6 25.c3 h5 26.h3 d5 27.Kf1 h4 28.Ke1 d4 
29.Kd2 f6 30.Kc2 Kd6 31.Kb2 b6 32.c4 c5 33.Rc1 Be8 34.Nd1 bxc4 35.dxc4 b5 
36.Kb3 bxc4+ 37.Kxc4 Rxa3 38.Nb2 Bf7 39.Kb5 Nc7+ 40.Kb6 Rb3 0-1

[Event "16th IBM tournament"]
[Site "Amsterdam NED"]
[Date "1976.??.??"]
[Round "10"]
[White "Farago, Ivan"]
[Black "Velimirovic, Dragoljub"]
[WhiteElo "2420"]
[BlackElo "2525"]
[Result "0-1"]
[EventDate "1976.07.??"]
[PlyCount "92"]

1.d4 Nf6 2.c4 c5 3.d5 e6 4.Nc3 exd5 5.cxd5 d6 6.Nf3 g6 7.Nd2 Bg7 8.Nc4 O-O
9.Bf4 Ne8 10.Qd2 b6 11.a4 Ba6 12.e3 f5 13.h4 Bxc4 14.Bxc4 a6 15.Be2 Nd7 
16.e4 fxe4 17.h5 Ndf6 18.hxg6 hxg6 19.Rh3 Qd7 20.O-O-O b5 21.axb5 axb5 22.
Bxb5 Qf5 23.Be3 Ng4 24.Kb1 Nxe3 25.fxe3 Nf6 26.Rf1 Qe5 27.Qe1 Rfb8 28.Qg3 
Qxc3 29.bxc3 Rxb5+ 30.Kc2 Ra2+ 31.Kc1 Ra1+ 32.Kc2 Ra2+ 33.Kc1 Ra1+ 34.Kc2 
Rxf1 35.Qxd6 Rfb1 36.Qe6+ Kf8 37.Qd6+ Ke8 38.Qc6+ Ke7 39.d6+ Ke6 40.d7+ 
Ke7 41.d8=Q+ Kxd8 42.Qa8+ Ke7 43.Qa7+ Ke6 44.Qa2+ Nd5 45.Rg3 Be5 46.Qa6+ 
Ke7 0-1

[Event "16th IBM tournament"]
[Site "Amsterdam NED"]
[Date "1976.??.??"]
[Round "10"]
[White "Langeweg, Christian"]
[Black "Gipslis, Aivars"]
[WhiteElo "2450"]
[BlackElo "2535"]
[Result "1/2-1/2"]
[EventDate "1976.07.??"]
[PlyCount "38"]

1.Nf3 Nf6 2.c4 g6 3.Nc3 d5 4.cxd5 Nxd5 5.e4 Nxc3 6.dxc3 Qxd1+ 7.Kxd1 Nd7 
8.Bf4 c6 9.Kc2 Nc5 10.Nd2 f6 11.Be3 e5 12.b4 Ne6 13.Nc4 h5 14.Rd1 Bh6 15.
Bxh6 Rxh6 16.Nd6+ Ke7 17.Bc4 Rh8 18.Bxe6 Kxe6 19.Rd3 Rd8 1/2-1/2

[Event "16th IBM tournament"]
[Site "Amsterdam NED"]
[Date "1976.??.??"]
[Round "10"]
[White "Ree, Hans"]
[Black "Sax, Gyula"]
[WhiteElo "2420"]
[BlackElo "2530"]
[Result "0-1"]
[EventDate "1976.07.??"]
[PlyCount "164"]

1.Nf3 g6 2.d4 Nf6 3.c4 Bg7 4.g3 O-O 5.Bg2 d6 6.O-O Nc6 7.Nc3 a6 8.d5 Na5 
9.Nd2 c5 10.Qc2 Rb8 11.b3 b5 12.Bb2 Bh6 13.f4 bxc4 14.bxc4 e5 15.Rae1 exf4
16.gxf4 Nh5 17.e3 Bg7 18.Nd1 Bf5 19.Be4 Bxe4 20.Nxe4 Bxb2 21.Nxb2 Re8 22.
Nf2 f5 23.Nbd3 Nf6 24.Re2 Rb7 25.Qa4 Rbe7 26.Rfe1 Ne4 27.Nd1 Rb7 28.Kh1 
Rb1 29.Qc2 Ra1 30.Qa4 Rxd1 31.Qxd1 Nc3 32.Qc2 Nxe2 33.Rxe2 Re4 34.Nb2 Qb6 
35.Qc3 Qb4 36.Rc2 Nb7 37.Kg2 Qb6 38.Kf3 Qd8 39.Qe1 Qe7 40.Re2 Nd8 41.Qg1 
Nf7 42.Kf2 Kf8 43.Qg3 Qd8 44.Rc2 Qa5 45.Qg1 Qxa2 46.Qc1 Qb3 47.Rc3 Qb6 48.
Nd3 Nh6 49.h3 Ng8 50.Kf3 Re8 51.Ra3 Nf6 52.Qa1 Qd8 53.Nf2 Qe7 54.Qc3 Ra8 
55.Qa1 Kg8 56.Rxa6 Re8 57.Ra3 Nh5 58.Qg1 Qf6 59.Qa1 Qh4 60.Qg1 Qe7 61.Qb1 
h6 62.Rb3 Qh4 63.Qg1 g5 64.fxg5 hxg5 65.Rb6 f4 66.e4 Nf6 67.Rxd6 Nxe4 68.
Nxe4 Qxh3+ 69.Kf2 Qe3+ 70.Kf1 Qd3+ 71.Kf2 Qd4+ 72.Kf1 Qxc4+ 73.Kf2 Qd4+ 
74.Kf1 Qxg1+ 75.Kxg1 Rxe4 76.Rg6+ Kf7 77.Rxg5 Kf6 78.Rh5 Re5 79.Rh6+ Ke7 
80.d6+ Kd7 81.Rf6 Re6 82.Rxf4 Kxd6 0-1

[Event "16th IBM tournament"]
[Site "Amsterdam NED"]
[Date "1976.??.??"]
[Round "11"]
[White "Donner, Jan"]
[Black "Ree, Hans"]
[WhiteElo "2475"]
[BlackElo "2420"]
[Result "0-1"]
[EventDate "1976.07.??"]
[PlyCount "162"]

1.d4 Nf6 2.c4 g6 3.g3 Bg7 4.Bg2 O-O 5.Nc3 d6 6.Nf3 c6 7.O-O Qa5 8.h3 Be6 
9.Qd3 Qa6 10.b3 d5 11.Ne5 dxc4 12.Nxc4 Rd8 13.Bb2 Nbd7 14.e3 Bxc4 15.Qxc4 
Qxc4 16.bxc4 Nb6 17.c5 Nc4 18.Bc1 e5 19.Rd1 Nd7 20.Bf1 b5 21.Ne4 f5 22.Ng5
Nxc5 23.Bxc4+ bxc4 24.Ba3 Nd3 25.Ne6 exd4 26.exd4 Bxd4 27.Nxd4 Rxd4 28.Bb2
Re4 29.Bc3 Re2 30.Rab1 Rae8 31.Rb7 R8e7 32.Rxe7 Rxe7 33.Kf1 Rb7 34.Ke2 Kf7
35.Ke3 Ke6 36.h4 Kd5 37.f3 Re7+ 38.Kd2 f4 39.gxf4 Nxf4 40.Kc2+ Nd3 41.Kd2 
Ke6 42.Rg1 Nf4 43.Rg4 Rd7+ 44.Kc2 Nd5 45.Bd2 Nb6 46.a4 Rd5 47.a5 Nd7 48.
Rxc4 c5 49.Be3 Rf5 50.f4 Kd6 51.Bd2 Nf6 52.Kd3 Kc6 53.Rc1 Rd5+ 54.Ke2 Ne4 
55.Be3 Nd6 56.Bf2 a6 57.Be1 Rd4 58.Bf2 Rc4 59.Rd1 Nf5 60.Kf3 Rc3+ 61.Kg4 
Rc2 62.Kf3 Ra2 63.h5 gxh5 64.Rh1 Ra3+ 65.Ke2 h4 66.Bxh4 h6 67.Bf2 Rxa5 68.
Kf3 c4 69.Kg4 Kd7 70.Rc1 Nd6 71.Be1 h5+ 72.Kg3 Ra3+ 73.Kh4 Rf3 74.Bc3 
Rxf4+ 75.Kxh5 Kc6 76.Kg6 Nb5 77.Be5 Re4 78.Bf6 Kc5 79.Ra1 Re6 80.Kf5 Rc6 
81.Rc1 Kb4 0-1

[Event "16th IBM tournament"]
[Site "Amsterdam NED"]
[Date "1976.??.??"]
[Round "11"]
[White "Gipslis, Aivars"]
[Black "Kurajica, Bojan"]
[WhiteElo "2535"]
[BlackElo "2525"]
[Result "1/2-1/2"]
[EventDate "1976.07.??"]
[PlyCount "37"]

1.e4 c5 2.Nf3 Nc6 3.d4 cxd4 4.Nxd4 Qc7 5.Nc3 e6 6.g3 a6 7.Bg2 Nf6 8.O-O 
Be7 9.Re1 O-O 10.Nxc6 dxc6 11.e5 Rd8 12.Qe2 Nd5 13.Ne4 Qxe5 14.c4 Nf6 15.
Bg5 Qf5 16.Rad1 Rxd1 17.Rxd1 e5 18.Bxf6 gxf6 19.c5 1/2-1/2

[Event "16th IBM tournament"]
[Site "Amsterdam NED"]
[Date "1976.??.??"]
[Round "11"]
[White "Ivkov, Borislav"]
[Black "Langeweg, Christian"]
[WhiteElo "2520"]
[BlackElo "2450"]
[Result "1/2-1/2"]
[EventDate "1976.07.??"]
[PlyCount "36"]

1.Nf3 Nf6 2.c4 e6 3.g3 d5 4.Bg2 dxc4 5.Qa4+ Nbd7 6.Qxc4 c5 7.O-O a6 8.Qc2 
b6 9.b3 Bb7 10.Bb2 Be7 11.Nc3 O-O 12.Rfd1 Rc8 13.Rac1 b5 14.Qb1 Qb6 15.Ng5
Bxg2 16.Kxg2 h6 17.Nf3 Rfd8 18.Ne4 Qb7 1/2-1/2

[Event "16th IBM tournament"]
[Site "Amsterdam NED"]
[Date "1976.??.??"]
[Round "11"]
[White "Ligterink, Gert"]
[Black "Boehm, Hans"]
[WhiteElo "2400"]
[BlackElo "2425"]
[Result "0-1"]
[EventDate "1976.07.??"]
[PlyCount "70"]

1.e4 Nf6 2.e5 Nd5 3.d4 d6 4.c4 Nb6 5.f4 Bf5 6.Nc3 e6 7.Nf3 dxe5 8.fxe5 Nc6
9.Be3 Be7 10.d5 Nb4 11.Rc1 f6 12.a3 Na6 13.g4 Bg6 14.Nd4 Nc5 15.Nxe6 Nxe6 
16.dxe6 fxe5 17.Qxd8+ Rxd8 18.c5 Bh4+ 19.Bf2 Bxf2+ 20.Kxf2 Nd5 21.Nxd5 
Rxd5 22.Bc4 Rd4 23.Kg3 Rf8 24.Rhd1 Rff4 25.Rxd4 Rxd4 26.Rc3 Ke7 27.b3 Be4 
28.Re3 Bd5 29.Rxe5 Bxc4 30.bxc4 Rxc4 31.Kh4 a5 32.Kg5 a4 33.h4 Rc3 34.Re4 
Rxc5+ 35.Kf4 b5 0-1

[Event "16th IBM tournament"]
[Site "Amsterdam NED"]
[Date "1976.??.??"]
[Round "11"]
[White "Olafsson, Fridrik"]
[Black "Korchnoi, Viktor"]
[WhiteElo "2550"]
[BlackElo "2670"]
[Result "1-0"]
[EventDate "1976.07.??"]
[PlyCount "79"]

1.Nf3 Nf6 2.g3 d5 3.c4 dxc4 4.Qa4+ Nc6 5.Qxc4 e5 6.Bg2 Be6 7.Qa4 Nd7 8.d3 
Nb6 9.Qd1 Be7 10.Nc3 f5 11.Be3 g5 12.Nd2 f4 13.Bxb6 axb6 14.a3 O-O 15.O-O 
g4 16.Be4 Rf6 17.Nc4 Rh6 18.Kg2 Qe8 19.Nd5 Bc5 20.h4 gxh3+ 21.Kh2 Qf7 22.
Nb4 Kh8 23.e3 Qg7 24.Nxc6 bxc6 25.b4 Rg8 26.Rg1 fxe3 27.fxe3 Bxc4 28.bxc5 
Bd5 29.cxb6 cxb6 30.Bxd5 cxd5 31.Ra2 Rg6 32.Qf3 e4 33.dxe4 dxe4 34.Qf4 Rg4
35.Qd6 h5 36.Qd4 Qxd4 37.exd4 e3 38.Re2 Re8 39.d5 Rd4 40.Rge1 1-0

[Event "16th IBM tournament"]
[Site "Amsterdam NED"]
[Date "1976.??.??"]
[Round "11"]
[White "Sax, Gyula"]
[Black "Farago, Ivan"]
[WhiteElo "2530"]
[BlackElo "2420"]
[Result "1/2-1/2"]
[EventDate "1976.07.??"]
[PlyCount "39"]

1.e4 c5 2.Nf3 e6 3.d4 cxd4 4.Nxd4 a6 5.Nc3 Qc7 6.Be2 Nf6 7.O-O Nc6 8.Kh1 
Be7 9.Be3 O-O 10.f4 d6 11.Qe1 Nxd4 12.Bxd4 b5 13.Qg3 Bb7 14.a3 Bc6 15.Rae1
Qb7 16.Bd3 b4 17.axb4 Qxb4 18.Ne2 Qb7 19.Nc3 Qb4 20.Ne2 1/2-1/2

[Event "16th IBM tournament"]
[Site "Amsterdam NED"]
[Date "1976.??.??"]
[Round "11"]
[White "Szabo, Laszlo"]
[Black "Miles, Anthony John"]
[WhiteElo "2525"]
[BlackElo "2510"]
[Result "1/2-1/2"]
[EventDate "1976.07.??"]
[PlyCount "67"]

1.c4 Nf6 2.Nc3 b6 3.d4 Bb7 4.Bg5 e6 5.e3 Be7 6.Nf3 Ne4 7.Nxe4 Bxe4 8.Bf4 
O-O 9.Bd3 f5 10.Bxe4 fxe4 11.Nd2 d5 12.Qg4 Rf6 13.O-O Nc6 14.cxd5 exd5 15.
f3 Rg6 16.Qh5 exf3 17.Rxf3 Rf6 18.Rh3 h6 19.Nf3 Qd7 20.Rg3 Qe6 21.Be5 Nxe5
22.dxe5 Qf7 23.Qh3 Rg6 24.Rxg6 Qxg6 25.Qd7 Rf8 26.Qxd5+ Kh8 27.e6 Qf6 28.
Rf1 Qxb2 29.Ne5 Rxf1+ 30.Kxf1 Qb1+ 31.Ke2 Qc2+ 32.Kf3 Qf5+ 33.Ke2 Qc2+ 34.
Kf3 1/2-1/2

[Event "16th IBM tournament"]
[Site "Amsterdam NED"]
[Date "1976.??.??"]
[Round "12"]
[White "Farago, Ivan"]
[Black "Donner, Jan"]
[WhiteElo "2420"]
[BlackElo "2475"]
[Result "1/2-1/2"]
[EventDate "1976.07.??"]
[PlyCount "84"]

1.d4 Nf6 2.c4 c5 3.d5 g6 4.Nc3 Bg7 5.e4 d6 6.Bf4 O-O 7.Nf3 Re8 8.Be2 e6 9.
dxe6 Bxe6 10.Bxd6 Nc6 11.O-O Nd4 12.e5 Nd7 13.Nxd4 cxd4 14.Qxd4 Nxe5 15.
Bxe5 Qxd4 16.Bxd4 Bxd4 17.Rac1 Rac8 18.b3 a6 19.Bf3 Rc7 20.Rfd1 Bg7 21.Ne4
b6 22.Rd6 Rb8 23.Rcd1 h6 24.Rd8+ Rxd8 25.Rxd8+ Kh7 26.Rd6 b5 27.c5 a5 28.
c6 a4 29.bxa4 bxa4 30.Rd2 a3 31.Nc5 Bc4 32.Rc2 Bb5 33.Nb7 Bd3 34.Rc5 Bd4 
35.Rd5 Rxc6 36.h3 Rc4 37.Na5 Rc1+ 38.Kh2 Bb6 39.Rxd3 Bxa5 40.Rxa3 Bc7+ 41.
g3 Rc2 42.Ra7 Rxf2+ 1/2-1/2